<?xml version="1.0" encoding="UTF-8"?>
<record
    xmlns:xsi="http://www.w3.org/2001/XMLSchema-instance"
    xsi:schemaLocation="http://www.loc.gov/MARC21/slim http://www.loc.gov/standards/marcxml/schema/MARC21slim.xsd"
    xmlns="http://www.loc.gov/MARC21/slim">

  <leader>01741nam a2200325 a 4500</leader>
  <controlfield tag="001">000035232</controlfield>
  <controlfield tag="005">20200930074207.0</controlfield>
  <controlfield tag="008">111026s1990    sp            000 0 spa d</controlfield>
  <datafield tag="020" ind1=" " ind2=" ">
    <subfield code="a">9580410216</subfield>
  </datafield>
  <datafield tag="040" ind1=" " ind2=" ">
    <subfield code="a">DO-SdBNP</subfield>
    <subfield code="b">spa</subfield>
    <subfield code="c">BNPHU</subfield>
  </datafield>
  <datafield tag="082" ind1=" " ind2=" ">
    <subfield code="a">813.5</subfield>
    <subfield code="b">H399h</subfield>
  </datafield>
  <datafield tag="100" ind1="1" ind2=" ">
    <subfield code="a">Hawthorne, Nathaniel,</subfield>
    <subfield code="d">1804-1864</subfield>
    <subfield code="9">9987</subfield>
  </datafield>
  <datafield tag="240" ind1="1" ind2="4">
    <subfield code="a">The holocaust of the world</subfield>
    <subfield code="l">espa&#xF1;ol</subfield>
  </datafield>
  <datafield tag="245" ind1="1" ind2="3">
    <subfield code="a">El holocausto del mundo ;</subfield>
    <subfield code="b">A prop&#xF3;sito de Hawthorne y su obra. /</subfield>
    <subfield code="c">Nathaniel Hawthorne ; traducci&#xF3;n Carlos Jos&#xE9; Restrepo L.</subfield>
  </datafield>
  <datafield tag="260" ind1=" " ind2=" ">
    <subfield code="a">Bogot&#xE1; :</subfield>
    <subfield code="b">Editorial Norma,</subfield>
    <subfield code="c">1990.</subfield>
  </datafield>
  <datafield tag="300" ind1=" " ind2=" ">
    <subfield code="a">170, 71 p. ;</subfield>
    <subfield code="c">19 cm.</subfield>
  </datafield>
  <datafield tag="490" ind1="1" ind2=" ">
    <subfield code="a">Cara cruz</subfield>
  </datafield>
  <datafield tag="500" ind1=" " ind2=" ">
    <subfield code="a">Traducido del ingl&#xE9;s.</subfield>
  </datafield>
  <datafield tag="501" ind1=" " ind2=" ">
    <subfield code="a">Publicado con: A prop&#xF3;sito de Hawthorne y su obra.</subfield>
  </datafield>
  <datafield tag="504" ind1=" " ind2=" ">
    <subfield code="a">Bibliograf&#xED;a : p. 71</subfield>
  </datafield>
  <datafield tag="505" ind1="0" ind2=" ">
    <subfield code="t">El holocausto del mundo --</subfield>
    <subfield code="t">El joven Goodman Brown --</subfield>
    <subfield code="t">El velo negro del pastol --</subfield>
    <subfield code="t">La ambici&#xF3;n del forastero Ethan Bran --</subfield>
    <subfield code="t">El entierro de Roger Malvin --</subfield>
    <subfield code="g">A prop&#xF3;sito de su obra --</subfield>
    <subfield code="t">Prefacio a la tercera edici&#xF3;n de Twice told tales /</subfield>
    <subfield code="r">Nathaniel Hawthorne --</subfield>
    <subfield code="t">Biograf&#xED;a, () los resplandores de la culpa /</subfield>
    <subfield code="r">Carlos Jos&#xE9; Restrepo L. --</subfield>
    <subfield code="t">Cuadernos de apuntes /</subfield>
    <subfield code="r">Nathaniel Hawthorne --</subfield>
    <subfield code="t">Hawthorne y sus musgos /</subfield>
    <subfield code="r">Herman Melville --</subfield>
    <subfield code="t">Citas a prop&#xF3;sito de Hawthorne y su obra --</subfield>
    <subfield code="t">Cronolog&#xED;a --</subfield>
    <subfield code="t">Bibliograf&#xED;a.</subfield>
  </datafield>
  <datafield tag="563" ind1=" " ind2=" ">
    <subfield code="a">Dos obras con encuadernaci&#xF3;n invertida en paginaci&#xF3;n independiente.</subfield>
  </datafield>
  <datafield tag="600" ind1="1" ind2="4">
    <subfield code="a">HAWTHORNE, NATHANIEL,</subfield>
    <subfield code="d">1804-1864</subfield>
    <subfield code="x">CR&#xCD;TICA E INTERPRETACI&#xD3;N</subfield>
    <subfield code="9">60983</subfield>
  </datafield>
  <datafield tag="650" ind1=" " ind2="4">
    <subfield code="a">Cuentos estadounidense</subfield>
    <subfield code="9">10646</subfield>
  </datafield>
  <datafield tag="650" ind1=" " ind2="4">
    <subfield code="a">Literatura estadounidense</subfield>
    <subfield code="9">263</subfield>
  </datafield>
  <datafield tag="700" ind1="1" ind2=" ">
    <subfield code="a">Restrepo L., Carlos Jos&#xE9;,</subfield>
    <subfield code="e">tr.</subfield>
    <subfield code="9">60984</subfield>
  </datafield>
  <datafield tag="740" ind1="1" ind2="2">
    <subfield code="a">Aprop&#xF3;sito de Hawthorne y su obra</subfield>
  </datafield>
  <datafield tag="830" ind1=" " ind2="0">
    <subfield code="a">Cara cruz</subfield>
    <subfield code="9">60985</subfield>
  </datafield>
  <datafield tag="910" ind1=" " ind2=" ">
    <subfield code="a">Validado. Control de calidad BNPHU</subfield>
  </datafield>
  <datafield tag="952" ind1=" " ind2=" ">
    <subfield code="0">0</subfield>
    <subfield code="1">0</subfield>
    <subfield code="5">0</subfield>
    <subfield code="7">1</subfield>
    <subfield code="8">MO</subfield>
    <subfield code="a">GR</subfield>
    <subfield code="b">GR</subfield>
    <subfield code="c">HD</subfield>
    <subfield code="d">2011-10-26</subfield>
    <subfield code="i">LF1</subfield>
    <subfield code="l">0</subfield>
    <subfield code="o">813.5 H399h</subfield>
    <subfield code="p">35232-10</subfield>
    <subfield code="r">2020-06-25</subfield>
    <subfield code="w">2020-06-25</subfield>
    <subfield code="y">1</subfield>
    <subfield code="z">Perteneci&#xF3; a la biblioteca personal de Juan Isidro Jimenes -Grull&#xF3;n</subfield>
    <subfield code="Z">No se presta</subfield>
  </datafield>
  <datafield tag="999" ind1=" " ind2=" ">
    <subfield code="c">34723</subfield>
    <subfield code="d">34723</subfield>
  </datafield>
</record>
